|
|
|
|
| LEADER |
00000cam a2200000 7i4500 |
| 001 |
0000000889 |
| 005 |
20010815.0 |
| 020 |
0 |
0 |
|a 9839592793
|
| 090 |
0 |
0 |
|a 634.92
|b FOR 1997
|
| 245 |
0 |
0 |
|a FOREST Management Certification Workshop Proceedings, 12-13 December 1996
|c editors S.Appanah ... [et al.]
|
| 260 |
0 |
0 |
|a Kuala Lumpur :
|b Institut Penyelidikan Perhutanan Malaysia ,
|c 1997
|
| 300 |
|
|
|a 124 p. ;
|c 30 cm.
|
| 500 |
0 |
0 |
|a Includes bibliographical references
|
| 650 |
0 |
0 |
|a Forest management
|x Certification
|x Congresses
|
| 650 |
0 |
0 |
|a Forest products industry
|x Certification
|x Congresses
|
| 700 |
0 |
1 |
|a Appanah
|h S.
|
| 998 |
|
|
|a JPSM
|
| 999 |
|
|
|a 0000001932
|b Monograph
|c Open Shelf
|e Default branch
|
| 999 |
|
|
|a 0000002909
|b Monograph
|c Open Shelf
|e Default branch
|
| 999 |
|
|
|a 0000002940
|b Monograph
|c Open Shelf
|e Default branch
|
| 999 |
|
|
|a 0000003126
|b Monograph
|c Open Shelf
|e Default branch
|